<?xml version="1.0" encoding="UTF-8"?>
<marc:record xmlns:marc="http://www.loc.gov/MARC21/slim">
   <marc:leader>00000nam a2200000 a 4500</marc:leader>
   <marc:datafield ind1="1" ind2=" " tag="100">
      <marc:subfield code="a">Kertész, Imre</marc:subfield>
      <marc:subfield code="4">aut</marc:subfield>
      <marc:subfield code="e">Verfasser/-in</marc:subfield>
   </marc:datafield>
   <marc:datafield ind1="1" ind2=" " tag="100">
      <marc:subfield code="a">Haldimann, Eva</marc:subfield>
      <marc:subfield code="4">rcp</marc:subfield>
      <marc:subfield code="e">Addressee</marc:subfield>
   </marc:datafield>
   <marc:datafield ind1="1" ind2=" " tag="100">
      <marc:subfield code="a">Schwamm, Kristin</marc:subfield>
      <marc:subfield code="4">trl</marc:subfield>
      <marc:subfield code="e">Übersetzer/-in</marc:subfield>
   </marc:datafield>
   <marc:datafield ind1=" " ind2=" " tag="653">
      <marc:subfield code="a">Kertész</marc:subfield>
   </marc:datafield>
   <marc:datafield ind1=" " ind2=" " tag="653">
      <marc:subfield code="a">Imre</marc:subfield>
   </marc:datafield>
   <marc:datafield ind1=" " ind2=" " tag="653">
      <marc:subfield code="a">Softcover / Belletristik/Briefe</marc:subfield>
   </marc:datafield>
   <marc:datafield ind1=" " ind2=" " tag="653">
      <marc:subfield code="a">Tagebücher</marc:subfield>
   </marc:datafield>
   <marc:datafield ind1=" " ind2=" " tag="653">
      <marc:subfield code="a">Briefsammlung</marc:subfield>
   </marc:datafield>
   <marc:datafield ind1="0" ind2="0" tag="245">
      <marc:subfield code="a">Briefe an Eva Haldimann</marc:subfield>
   </marc:datafield>
   <marc:datafield ind1="0" ind2="0" tag="245">
      <marc:subfield code="c">Imre Kertész. Aus dem Ungar. von Kristin Schwamm</marc:subfield>
   </marc:datafield>
   <marc:datafield ind1=" " ind2="1" tag="264">
      <marc:subfield code="a">Reinbek bei Hamburg</marc:subfield>
      <marc:subfield code="b">Rowohlt</marc:subfield>
      <marc:subfield code="c">2009</marc:subfield>
   </marc:datafield>
   <marc:datafield ind1=" " ind2=" " tag="250">
      <marc:subfield code="a">1. Aufl.</marc:subfield>
   </marc:datafield>
   <marc:datafield ind1="1" ind2=" " tag="520">
      <marc:subfield code="a">Angaben aus der Verlagsmeldung

Briefe an Eva Haldimann / von Imre Kertész

In einem Budapester Schwimmbad erfuhr Imre Kertész 1977 zufällig, dass in der Neuen Zürcher Zeitung eine Rezension seines in Ungarn kaum beachteten Erstlings «Roman eines Schicksallosen» erschienen war. Die Verfasserin war Eva Haldimann, die, selbst ungarischer Abstammung, das Literaturgeschehen in ihrer ehemaligen Heimat mit ihren hoch geschätzten Buchbesprechungen in der NZZ über Jahrzehnte zuverlässig begleitete, um den Autoren «ein kleines Fenster nach dem Westen zu öffnen». Zwischen der Rezensentin und dem Autor entwickelte sich ein Briefwechsel, der seine höchste Intensität erst nach der anderen großen Öffnung, der europäischen Wende, erreichte und damit zu einem sehr persönlichen und einem Zeitdokument über das Jahrzehnt zwischen Kertész&#x92; erstem literarischem Erfolg in Deutschland und dem Nobelpreis 2002 geworden ist &#x96; seinen einzigartigen Aufstieg vom verkannten ungarischen Schriftsteller zum Weltautor.
</marc:subfield>
   </marc:datafield>
   <marc:datafield ind1=" " ind2=" " tag="020">
      <marc:subfield code="a">9783498035457</marc:subfield>
      <marc:subfield code="9">9783498035457</marc:subfield>
   </marc:datafield>
   <marc:datafield ind1=" " ind2=" " tag="041">
      <marc:subfield code="a">ger</marc:subfield>
   </marc:datafield>
   <marc:datafield ind1=" " ind2=" " tag="300">
      <marc:subfield code="a">140 S.</marc:subfield>
   </marc:datafield>
</marc:record>
